000 00372 a2200109 4500
001 ART_26511
005 20260410161705.0
008 260409a
245 1 0 _aUna sentencia muy particular sobre tasas aeronáuticas que acrecienta la inseguridad jurídica
100 1 _aSpisso, Rodolfo Roque
773 0 _tRevista Impuestos
_g- Nº 24 (dic. 2008)
_wREV639
999 _c15551
_d15551